000 00536nam a2200193Ia 4500
003 OSt
005 20200819104301.0
008 190216s9999||||xx |||||||||||||| ||und||
020 _a0071001514
040 _coclc
082 _a541.3
_bBAR/P
100 _aBarrow, Gordon M
_94209
245 0 _aPhysical Chemistry /
_cGordon M Barrow
250 _a5th Ed.
260 _bMcgraw -hill Book,
_c1988.
_aSingapore:
300 _a859p
650 _aChemistry-Chemistry
942 _cBK
_2ddc
_h541.3
_iBAR/P
_k541.3
_mBAR/P
999 _c2693
_d2693